KOHA-Header-6

Software Engineering (Record no. 8944)

000 -LEADER
fixed length control field 00251nam a2200109Ia 4500
100 ## - MAIN ENTRY--AUTHOR NAME
Personal name Pressman
245 #0 - TITLE STATEMENT
Title Software Engineering
260 ## - PUBLICATION, DISTRIBUTION, ETC. (IMPRINT)
Place of publication New York
Name of publisher Addison
Year of publication 1994
300 ## - PHYSICAL DESCRIPTION
Number of Pages 450
942 ## - ADDED ENTRY ELEMENTS (KOHA)
Koha item type Books
Holdings
Withdrawn status Lost status Collection code Permanent Location Current Location Shelving location Date acquired Full call number Accession Number Koha item type
    Computer Science MAJU MAJU   2019-09-14 658.401 4155 Computer Science

Powered by Koha